000 00655nam a2200169 a 4500
003 0
005 20250528122428.0
008 021022s19uu xx 00 eng d
050 _aPHS LB 3060.83
_b.B66 2002
100 _aBondad, Candice Mabel Monasterio.
245 _aThe Academic and social concerns of graduating word lab students entering a regular high school /
_cCandice Mabel Monasterio Bondad.
260 _aLas PiƱas City, Philippines :
_bSouthville International School and Colleges,
_c2002.
300 _a35 pages ;
_c28 cm.
650 _aSchool adjustment
_zPhilippines.
650 _aEducational transitions
_zPhilippines.
942 _2lcc
_cPASS
999 _c96681
_d96681